| 000 | 00409nam a22001577a 4500 | ||
|---|---|---|---|
| 003 | OSt | ||
| 005 | 20160708111206.0 | ||
| 008 | 160708b xxu||||| |||| 00| 0 eng d | ||
| 020 | _a0321093003 | ||
| 040 | _cN/A | ||
| 100 | _aMarius Richard | ||
| 245 | _aAshort guide to writing about history | ||
| 250 | _a4th ed | ||
| 260 |
_aNew York _bAddison -Wesley Educational Publishers Inc _c2001 |
||
| 942 |
_2lcc _cBK |
||
| 999 |
_c254738 _d254737 |
||